Making services work for poor people / (Record no. 18802)

000 -LEADER
fixed length control field 03047cam a2200337Ia 4500
020 ## - INTERNATIONAL STANDARD BOOK NUMBER
ISBN 0821355376 (clothbound)
020 ## - INTERNATIONAL STANDARD BOOK NUMBER
ISBN 9780821355374 (clothbound)
020 ## - INTERNATIONAL STANDARD BOOK NUMBER
ISBN 082135468X (paperback)
020 ## - INTERNATIONAL STANDARD BOOK NUMBER
ISBN 9780821354681 (paperback)
040 ## - CATALOGING SOURCE
Transcribing agency UVL
082 04 - DEWEY DECIMAL CLASSIFICATION NUMBER
Classification number 330 WOR 2004 C155 Or.
245 10 - TITLE STATEMENT
Title Making services work for poor people /
Remainder of title the World Bank
246 30 - VARYING FORM OF TITLE
Title proper/short title World development report 2004: making services work for poor people
246 33 - VARYING FORM OF TITLE
Title proper/short title WDR 2004
260 ## - PUBLICATION, DISTRIBUTION, ETC. (IMPRINT)
Place of publication [Washington, D.C.] :
Name of publisher World Bank and Oxford University Press,
Year of publication [c2003]
300 ## - PHYSICAL DESCRIPTION
Number of Pages xvi, 271 p. :
Other physical details ill. ;
Dimensions 27 cm
490 1# - SERIES STATEMENT
Series statement World development report,
500 ## - GENERAL NOTE
General note "A Copublication of the World Bank and Oxford University Press"--T. p. and verso
500 ## - GENERAL NOTE
General note "This Report has been prepared by a team led by Shantayanan Devarajan and Ritva Reinikka ... [et al.] ..."--P. xiii
520 3# - SUMMARY, ETC.
Summary, etc "The World Development Report (WDR) 2004 builds an analytical, and practical framework for using resources, whether internal or external, more effectively by making services work for poor people. The focus is on those services that have the most direct link with human development - education, health, water, sanitation, and electricity. This presents an enormous challenge, because making services work for the poor involves changing, not only service delivery arrangements, but also public sector institutions, and how foreign aid is transferred. This WDR explores the many dimensions of poverty, through outcomes of service delivery for poor people, and stipulates affordable access to services is low - especially for poor people - in addition to a wide range of failures in quality. The public responsibility is highlighted, addressing the need for more public spending, and technical adjustments, based on incentives and understanding what, and why services need to be improved. Thus, through an analytical framework, it is suggested the complexity of accountability must be established, as well as instruments for reforming institutions to improve services, illustrated through various case studies, both in developing, and developed countries. The report further outlines that scaling up reforms means sectoral reforms must be linked to ongoing, or nascent public sector reforms, in areas such as budget management, decentralization, and public administration reform, stimulated through information as a catalyst for change, and as an input to prod the success of other reforms." -- World Bank description
650 #0 - SUBJECT ADDED ENTRY--TOPICAL TERM
Topical Term Rural poor
650 #0 - SUBJECT ADDED ENTRY--TOPICAL TERM
Topical Term Social service, Rural
650 #0 - SUBJECT ADDED ENTRY--TOPICAL TERM
Topical Term Poverty
650 #0 - SUBJECT ADDED ENTRY--TOPICAL TERM
Topical Term Public welfare
700 1# - ADDED ENTRY--PERSONAL NAME
Personal name Devarajan, Shantayanan,
700 1# - ADDED ENTRY--PERSONAL NAME
Personal name Reinikka, Ritva
710 2# - ADDED ENTRY--CORPORATE NAME
Corporate name or jurisdiction name as entry element World Bank
856 41 - ELECTRONIC LOCATION AND ACCESS
Uniform Resource Identifier http://bvbr.bib-bvb.de:8991/F?func=service&doc_library=BVB01&doc_number=012820266&line_number=0001&func_code=DB_RECORDS&service_type=MEDIA
856 41 - ELECTRONIC LOCATION AND ACCESS
Uniform Resource Identifier http://www-wds.worldbank.org/external/default/WDSContentServer/IW3P/IB/2003/10/07/000090341_20031007150121/Rendered/PDF/268950PAPER0WDR02004.pdf
942 ## - ADDED ENTRY ELEMENTS (KOHA)
Koha item type ADB
952 ## - LOCATION AND ITEM INFORMATION (KOHA)
Withdrawn status [LOCAL, KOHA] 0
Holdings
Koha item type Source of acquisition Lost status Permanent Location Current Location Date acquired Full call number
សៀវភៅភាសាអង់គ្លេសA36083 Library Block CLibrary Block C2020-01-27330 WOR 2004 C155 Or.
មជ្ឈមណ្ឌលឯការនៃសាកលវិទ្យាល័យភូមិន្ទកសិកម្មចំការដូង

Powered by Koha